000 01093nam a2200349 i 4500
001 18997
003 KOSZ 005
005 20220317114617.0
008 000220s1979 pl |000 0 pol
015 _aPB 1980/1012
020 _a8321900399
040 _aWA N
_cWA N
_dKOSZ 005/HR
041 0 _apol
046 _k1979
080 _a349.2(438)
080 _a331.16(438)
100 1 _aBrol, Jan
_eAutor
245 1 0 _aPrawo pracy w praktyce komisji rozjemczych i odwoławczych do spraw pracy /
_cJan Brol, Jerzy Pacho.
260 _aWarszawa :
_bWydaw. Prawnicze,
_c1979.
300 _a390, [2] ;
_c21 cm.
380 _aKsiążki
388 _a1901-2000
388 _a1945-1989
650 4 _aPrawo pracy
650 4 _aZakładowe komisje pojednawcze
651 _aPolska
658 _aPrawo i wymiar sprawiedliwości
700 1 _aPacho, Jerzy
_eAutor
710 2 _aWydawnictwo Prawnicze
_4pbl.
856 _uhttp://koha.tu.koszalin.pl/cgi-bin/koha/opac-detail.pl?biblionumber=18997
_yKatalog online BPK
942 _2UKD
_cKS
999 _c18997
_d18997